000 00897nam a2200253Ia 4500
003 OSt
005 20220918111023.0
006 a|||||r|||| 00| 0
007 ta
008 220915b |||||||| |||| 00| 0 hin d
024 _a277206
037 _cReference Collections
040 _aARTS
_cARTS
_bhin
041 _2hin
_ahin
082 _aO152k, M6.1(RR)
100 _aवर्मा, धीरेन्द्र, संपा.
245 0 _aहिन्दी साहित्य कोश
246 _aHindī sāhitya kosha
260 _aवाराणसी
_bज्ञानमण्डल लिमिटेड भारत
_c1986
300 _a688पृ0
650 _aहिन्दी साहित्य
942 _hO152k, M6.1(RR)
_cREF
999 _c116500
_d116500